000 00709nam a22002177a 4500
003 UA-OsUOA
001 89869
007 ta
008 20121112b un ||||| |||| 00| 0 ukr d
100 _aБайкєніч Д.
090 _a94(477)
_bБ18
942 _cSA
040 _aUA-OsUOA
_bukr
_cUA-OsUOA
_dUA-OsUOA
245 _aУкраїнські переселенці з Польщі на території східних областей УРСР у 1944 - 1947 рр. Сучасна українська історіографія
300 _aС.71-75
955 _a0
041 _aukr
080 _a94(477)
773 0 _w89857
650 7 _a9 Географія. Біографії. Історія
_2UDC
999 _c376147
_d376147